000 00710nam a2200253Ia 4500
003 OSt
005 20220918182238.0
006 a|||||r|||| 00| 0
007 ta
008 220917b |||||||| |||| 00| 0 eng d
024 _a31,415
037 _cTextual
040 _aARTS
_cARTS
_beng
041 _2eng
_aeng
082 _aO111,1:g, M7
100 _aMachin Richard ed
_959904
245 0 _aPost structuralist readings of English poetry
260 _aCambridge
_bCUP
_c1987
300 _ax,401p.
_ccm.
650 _aENGLISH LITERATURE
700 _a Norris Christopher ed
942 _hO111,1:g, M7
_cTEXL
_2CC
999 _c168275
_d168275